| 000 | 00629 a2200181 4500 | ||
|---|---|---|---|
| 003 | Nust | ||
| 005 | 20221222084500.0 | ||
| 020 | _a72125405 | ||
| 040 | _cNust | ||
| 082 | _a330,CHA | ||
| 100 |
_aChalmers, James A. _9105581 |
||
| 245 |
_aEconomic Principles: macroeconomic theory / _cJames A. Chalmers and Fred H. Leonard |
||
| 260 |
_aNY _bMacMillan _c1969 |
||
| 300 | _a460 p. | ||
| 505 | _aIntroduction (Page-9), The Theory Of Production, Employment, And Prices (Page-43), Macroeconomic Policy (Page-189), Additional Considerations In Macroeconomics (Page-383). | ||
| 650 |
_aEconomic _9105582 |
||
| 942 |
_2ddc _cBK _k330,CHA |
||
| 999 |
_c176630 _d176630 |
||